Barcelona pagesa : retrats d'una agricultura en transformació / retrats d'una agricultura en transformació /
ISBN:
9788410278059
Descripción Física:
303 pàgines : il·lustracions en color ; 25 cm
Descripción:
La pagesia de Barcelona és un mosaic vibrant de tradició i d'innovació, on la realitat de la terra es combina amb els somnis de les persones que la cuiden. Endinsa't en aquest llibre i deixa't captivar per la valentia i la passió dels agricultors i les agricultores que viuen i treball...
Otros Autores:
Úriz, Patxi, 1964-
,
Martínez, Gabi, 1971-
,
Carrera, Mar, 1983-
,
Mayenco, Lola, 1974-
,
Janáková, Tereza
Materias:
Pagesos -- Catalunya -- Intervius
; Vida rural -- Barcelona (Catalunya : Província)
; Pagesia -- Barcelona (Catalunya : Província)
Idioma:
Catalán
MARC
| LEADER | 00000cam a2200000 i 4500 | ||
|---|---|---|---|
| 001 | 28926 | ||
| 003 | AGDB | ||
| 005 | 20260324181533.0 | ||
| 008 | 241108e202408 spca||| ||||o000 0 cat c | ||
| 015 | |a LL2025 |2 bnc | ||
| 017 | |a B 13830-2024 |b Biblioteca de Catalunya | ||
| 020 | |a 9788410278059 | ||
| 040 | |a ES-BaCBA |b cat |e rda |c ES-BaCBA |d ES-BaBC | ||
| 043 | |a e-sp--- |b e-spcb- |2 catmarc | ||
| 080 | |a 631 |x -051 |x (460.235) |x (047.53) |2 2004 | ||
| 080 | |a 308 |x (1-22) |x (460.235) |2 2004 | ||
| 080 | |a 316.343.2:63 |x (460.235) |2 2004 | ||
| 245 | 0 | 0 | |a Barcelona pagesa : |b retrats d'una agricultura en transformació / |c fotografies: Patxi Uriz ; introducció: Gabi Martínez ; entrevistes: Mar Carrera, Marta Molina i Jordi Panyella ; idea i coordinació de continguts: Lola Mayenco, Oficina Tècnica de Prevenció Municipal d'Incendis Forestals i Desenvolupament Agrari, Diputació de Barcelona ; il·lustracions: Tereza Janáková |
| 250 | |a Primera edició: agost de 2024 | ||
| 264 | 1 | |a Barcelona : |b Diputació de Barcelona ; |c 2024 | |
| 300 | |a 303 pàgines : |b il·lustracions en color ; |c 25 cm | ||
| 336 | |a text |b txt |2 rdacontent | ||
| 336 | |a imatge fixa |b sti |2 rdacontent | ||
| 337 | |a sense mediació |b n |2 rdamedia | ||
| 338 | |a volum |b nc |2 rdacarrier | ||
| 520 | |a La pagesia de Barcelona és un mosaic vibrant de tradició i d'innovació, on la realitat de la terra es combina amb els somnis de les persones que la cuiden. Endinsa't en aquest llibre i deixa't captivar per la valentia i la passió dels agricultors i les agricultores que viuen i treballen a la província. Descobriràs un univers fascinant que et permetrà reconnectar amb la natura, apreciar la dedicació i la creativitat de la pagesia, i compartir el seu camí cap a un futur alimentari més segur, saludable i sostenible . |2 -- Contracoberta | ||
| 650 | 0 | |a Pagesos |z Catalunya |v Intervius |9 72239 | |
| 650 | 0 | |a Vida rural |z Barcelona (Catalunya : Província) |9 72240 | |
| 650 | 0 | |a Pagesia |z Barcelona (Catalunya : Província) |9 72241 | |
| 700 | 1 | |a Úriz, Patxi, 1964- |e fotògrafies |9 72235 | |
| 700 | 1 | |a Martínez, Gabi, |d 1971- |e introducció |9 72236 | |
| 700 | 1 | |a Carrera, Mar, |d 1983- |e entrevistadora |9 72237 | |
| 700 | 1 | |a Mayenco, Lola, |d 1974- |e editora literària |9 72238 | |
| 700 | 1 | |a Janáková, Tereza, |e il·lustradora |9 56302 | |
| 710 | 1 | |a Barcelona (Catalunya : Província). |b Diputació |e entitat editora |9 52408 | |
| 908 | |a BCNexplor@ |a BC | ||
| 940 | |a DIBA | ||
| 942 | |2 udc |c ARXIU |n 1 | ||
| 952 | |0 0 |1 0 |4 0 |6 BIB1320 |7 1 |9 98220 |a Arxiu |b Arxiu |d 2025-06-30 |l 0 |o Bib-1320 |p 28926 |r 2025-06-30 00:00:00 |w 2025-06-30 |y ARXIU | ||
| 999 | |c 129998 |d 129998 | ||